000 00398nam a2200169Ia 4500
001 1464
003 IN-NITTTR
005 20251114232915.0
008 251113s9999||||xx |||||||||||||| ||eng||
040 _beng
040 _cIN-NITTTR
041 _aeng
082 _a531.3823 F486T
100 _aFilonenko-borodich, M.
245 0 _aTheory of elasticity /
_cFilonenko-borodich, M.
942 _2ddc
_cBK
999 _c1902
_d1902